| 000 -ლიდერი |
| ფიქსირებული სიგრძის საკონტროლო ველი |
00863nam a22002057a 4500 |
| 003 - საკონტროლო ნომრის იდენტიფიკატორი |
| საკონტროლო ველი |
Ge_BSU |
| 005 - ბოლო ოპერაციის თარიღი და დრო |
| საკონტროლო ველი |
20241009144405.0 |
| 008 - ფიქსირებული სიგრძის მონაცემთა ელემენტები - ზოგადი ინფორმაცია |
| ფიქსირებული სიგრძის საკონტროლო ველი |
241009s1977 ge ||||| |||| 00| 0 geo d |
| 041 ## - ენის კოდი |
| Language code of text/sound track or separate title |
geo |
| 080 ## - უნივერსალური ათობითი კლასიფიკაციის ინდექსი |
| Universal Decimal Classification number |
821.221.18-13 + 398.2(=221.18) ნ-28 |
| 245 ## - ცნობა სათაურის შესახებ |
| Title |
ნართები : |
| Remainder of title |
[ოსური ხალხური ეპოსი] / |
| Statement of responsibility, etc |
თარგმნა მ. ცხოვრებოვამ; რედ. გ. ბესთაუთი. |
| 250 ## - გამოცემის ცნობა |
| Edition statement |
1-ლი გამოცემა |
| 264 ## - წარმოების, გამოცემის, დისტრიბუციის და სხვა ცნობები |
| გამოცემის, წარმოების, დისტრიბუციის... ადგილი |
ცხინვალი : |
| გამოცემის, წარმოების, დისტრიბუციის... სახელწოდება |
ირისთონი, |
| გამოცემის, წარმოების, დისტრიბუციის... თარიღი |
1977. |
| 300 ## - ფიზიკური აღწერა |
| Extent |
231 გვ. ; |
| Other physical details |
22 სმ. |
| 653 ## - INDEX TERM--UNCONTROLLED |
| Uncontrolled term |
ნართები |
| 653 ## - INDEX TERM--UNCONTROLLED |
| Uncontrolled term |
ოსური ხალხური ეპოსი |
| 700 ## - ADDED ENTRY--PERSONAL NAME |
| Personal name |
ბესთაუთი, გ. |
| Relator term |
რედაქტორი |
| 9 (RLIN) |
23377 |
| 773 ## - HOST ITEM ENTRY |
| Title |
ნაჩუქარი |
| 942 ## - ADDED ENTRY ELEMENTS (KOHA) |
| Source of classification or shelving scheme |
|
| Koha item type |
წიგნი |